000 00888nam a2200241 a 4500
001 11445
003 BD-RjUL
005 20211208235128.0
008 791024s1963 enkabf b 00000 eng d
035 _a(BD-RjUL)11494
040 _aXerox
_dNBDPL
_beng
_cBD-RjUL
041 1 _aeng
_hger
082 0 0 _a915.496
_220
_bMOU 1963
245 0 0 _aMount Everest :
_bformation, population and exploration of the Everest region /
_cToni Hagen ... [et al.] ; translated by E. Noel Bowman.
260 _aLondon :
_bOxford University Press,
_c1963.
300 _axiv, 195 p., [24] p. of plates :
_bill., maps ;
_c24 cm.
500 _aTranslation of Mount Everest : Aufbau, Erforschung und Bevolkerung des Everest.
504 _aIncludes bibliographies.
651 0 _aEverest, Mount (China and Nepal)
_935381
700 1 _aHagen, Toni,
_d1917-
_935382
942 _2ddc
_cBK
999 _c11445
_d11445